| 000 | 00724na a2200265 4500 | ||
|---|---|---|---|
| 001 | 14546 | ||
| 003 | MIRAKIL | ||
| 005 | 20181213154934.0 | ||
| 008 | 160920b tu 000 0 | ||
| 020 | _a9789750808827 | ||
| 035 | _a14546 | ||
| 040 |
_aMilas _btur _cTR-AnCHP |
||
| 082 |
_aATA 923.156 _bS69a 2008 |
||
| 090 | _aATA 923.156 S69a 2008 | ||
| 100 | _aSoyak, Hasan Rıza | ||
| 245 |
_aAtatürk'ten hatıralar _cHasan Rıza Soyak |
||
| 250 | _a5. bs. | ||
| 260 |
_aİstanbul _bYapı Kredi _c2008 |
||
| 300 |
_a772 s. _bfotg. _c24 sm. |
||
| 490 |
_aTarih _v23 |
||
| 490 |
_aYapı Kredi Yayınları _v2131 |
||
| 504 | _aDizin var. | ||
| 600 |
_aAtatürk, Mustafa Kemal _d1881-1938 _xAnılar |
||
| 942 |
_2dcc _cBKS |
||
| 999 |
_c3529 _d3529 |
||